000 04003nam a22004697a 4500
005 20091214152751.0
008 091214t xxu||||| |||| 00| 0 eng d
010 _aB-389220-237
020 _a9780590542098
_c250.00
035 _aB-389220-237
037 _bScholastic
040 _adpl
_bEnglish
082 _a900
100 _aDeary, Terry
245 _aCruel kings and mean queens /
_cby Terry Deary; illustrated by Kate Sheppard
260 _aLondon
_bScholastic Children Books
_c1995
270 _aEuston House, 24 Eversholt Street,
_bLondon
300 _a203p.:
_bill.
_c21cm(pbk)
490 _aHorrible histories
500 _aIncludes index
700 _aSheppard, Kate
942 _2ddc
_cCH
_mDEA
_h900
999 _c32802
_d32802